000 00510nam a2200181Ia 4500
008 151018s9999 xx 000 0 und d
082 _bRBASDV7213
_a891.463
100 _aभा द खेर
245 _aअमृतपुत्र
250 _b1
260 _bकेशरी प्रकाशन
_c1970
300 _a414
600 _aभा द खेर
630 _aअमृतपुत्र
700 _aभा द खेर
730 _aअमृतपुत्र
942 _cBOOK
999 _c1009582
_d1009579